| 000 | 00700nam a22002057a 4500 | ||
|---|---|---|---|
| 999 |
_c15268 _d15268 |
||
| 003 | AR-CdUCM | ||
| 008 | 190426b ||||| |||| 00| 0 spa d | ||
| 040 |
_aMUNICIPALIDAD PROVINCIAL DEL CUSCO _cBIBLIOTECA MUNICIPAL DEL CUSCO |
||
| 082 |
_aES / 910 / _bM77 |
||
| 100 |
_aMonlau, Georges _934318 |
||
| 245 | _aEl mundo contado a todos / | ||
| 260 |
_aBarcelona : _bTimun Mas, S.A, _c1961. |
||
| 300 |
_a92 paginas ; _bIlustraciones,mapas, _c33 cm. |
||
| 505 | _aContenido :Descubrimiento del mundo Europa --Asia --África --América --Oceanía --Planisferio / | ||
| 650 |
_aGeografia _9318 |
||
| 650 |
_aEuropa _91221 |
||
| 650 |
_aAsia _93888 |
||
| 942 |
_2ddc _cLIBROS |
||
| 945 |
_arjall _d2019-04-26 |
||